[Event "Chessable Masters Play In"]
[Site "Chess.com INT"]
[Date "2024.01.31"]
[Round "1"]
[White "Bocharov, Dmitry"]
[Black "Demidov, Mikhail"]
[Result "1-0"]
[WhiteElo "2513"]
[BlackElo "2546"]
[PlyCount "57"]
[EventDate "2024.01.31"]
[EventType "swiss (rapid)"]
[EventRounds "9"]
[EventCountry "USA"]
[SourceTitle "CB06_2024"]
[SourceDate "2024.02.07"]
[SourceVersion "1"]
[SourceVersionDate "2024.02.07"]
[SourceQuality "1"]

1. c4 e5 2. d3 Bb4+ 3. Nd2 a5 4. Ngf3 d6 5. g3 Nf6 6. Bg2 0-0 7. 0-0 Re8 8. a3 Bxd2 9. Bxd2 a4 10. h3 Nbd7 11. e4 Nc5 12. Be3 b6 13. Rb1 Nfd7 14. Nh4 Nf8 15. Nf5 Rb8 16. f4 Ng6 17. Qd2 exf4 18. Bxf4 Bxf5 19. exf5 Nxf4 20. Rxf4 Qf6 21. d4 Nb3 22. Qf2 Na5 23. c5 c6 24. cxd6 Rbd8 25. Re1 Rxe1+ 26. Qxe1 Qxd6 27. f6 gxf6 28. Qe4 Qe6 29. Rg4+ 1-0

[Event "Chessable Masters Play In"]
[Site "Chess.com INT"]
[Date "2024.01.31"]
[Round "2"]
[White "Bocharov, Dmitry"]
[Black "Yoo, Christopher Woojin"]
[Result "1/2-1/2"]
[WhiteElo "2513"]
[BlackElo "2595"]
[PlyCount "164"]
[EventDate "2024.01.31"]
[EventType "swiss (rapid)"]
[EventRounds "9"]
[EventCountry "USA"]
[SourceTitle "CB06_2024"]
[SourceDate "2024.02.07"]
[SourceVersion "1"]
[SourceVersionDate "2024.02.07"]
[SourceQuality "1"]

1. c4 e5 2. d3 Nf6 3. Nf3 Nc6 4. a3 a5 5. g3 d5 6. cxd5 Nxd5 7. Bg2 Be7 8. 0-0 0-0 9. b3 Be6 10. Bb2 f6 11. Nbd2 Nb6 12. Rc1 Qd7 13. Ne4 Rfd8 14. Nc5 Bxc5 15. Rxc5 e4 16. Ne1 Bh3 17. Bxh3 Qxh3 18. Qc2 exd3 19. Nxd3 Qd7 20. Rc1 Qf7 21. Rb5 Rd5 22. Rxd5 Nxd5 23. Nc5 b6 24. Ne4 Nce7 25. Rd1 Qe6 26. Qc4 Kf7 27. Rd3 c5 28. Rf3 h6 29. Bxf6 gxf6 30. Rxf6+ Qxf6 31. Nxf6 Kxf6 32. Qh4+ Kg7 33. e4 Ng6 34. Qh3 Nf6 35. Qf5 Re8 36. f3 a4 37. bxa4 Ne5 38. Kg2 Nc4 39. Qf4 Ne5 40. Qc1 Re6 41. f4 Nd3 42. Qc3 c4 43. Qxc4 Ne1+ 44. Kf1 Rxe4 45. Qc3 Kg6 46. a5 bxa5 47. Qxa5 Nf3 48. Kg2 Nd4 49. Qc3 Nf5 50. Qb2 h5 51. Kh3 h4 52. Qd2 hxg3 53. hxg3 Re3 54. Qxe3 Nxe3 55. a4 Nc4 56. g4 Nd5 57. Kg3 Nc3 58. f5+ Kg5 59. f6 Kxf6 60. g5+ Kg6 61. a5 Nxa5 62. Kf4 Nc6 63. Ke3 Nd5+ 64. Kd3 Nde7 65. Ke4 Nf5 66. Kd3 Ne5+ 67. Ke4 Nf7 68. Kd5 Ng7 69. Ke4 Ne6 70. Kd5 Nf8 71. Ke4 Nd6+ 72. Kd5 Nf5 73. Ke5 Ng7 74. Ke4 Nfe6 75. Ke5 Nc5 76. Kd5 Nd3 77. Ke4 Nb4 78. Kd4 Ne6+ 79. Ke5 Nc5 80. Kd4 Nbd3 81. Kc4 Kf5 82. g6 Kxg6 1/2-1/2

[Event "Chessable Masters Play In"]
[Site "Chess.com INT"]
[Date "2024.01.31"]
[Round "7"]
[White "Khanin, Semen"]
[Black "Bocharov, Dmitry"]
[Result "1/2-1/2"]
[WhiteElo "2558"]
[BlackElo "2513"]
[PlyCount "125"]
[EventDate "2024.01.31"]
[EventType "swiss (rapid)"]
[EventRounds "9"]
[EventCountry "USA"]
[SourceTitle "CB06_2024"]
[SourceDate "2024.02.07"]
[SourceVersion "1"]
[SourceVersionDate "2024.02.07"]
[SourceQuality "1"]

1. d4 Nf6 2. c4 e6 3. Nc3 Bb4 4. e3 0-0 5. Bd3 d5 6. a3 Bxc3+ 7. bxc3 c6 8. Ne2 b6 9. cxd5 cxd5 10. c4 dxc4 11. Bxc4 Bb7 12. 0-0 Nc6 13. f3 Rc8 14. Bd3 e5 15. Bb2 exd4 16. Nxd4 Ne5 17. Be2 Nc4 18. Bxc4 Rxc4 19. e4 Bc8 20. Qd2 h6 21. Rad1 Qc7 22. Rc1 Rxc1 23. Rxc1 Qd6 24. Qe3 Re8 25. Nb5 Qd7 26. Nc7 Re7 27. Bxf6 gxf6 28. Qc3 Bb7 29. Qxf6 Qd2 30. Qc3 Rd7 31. Qxd2 Rxd2 32. Nb5 a6 33. Nc3 b5 34. Rd1 Rc2 35. Rd3 Kg7 36. h4 Bc6 37. Nd5 Bxd5 38. exd5 Kf8 39. d6 Ke8 40. Re3+ Kd8 41. Re7 Rc3 42. Rxf7 Rxa3 43. g4 b4 44. g5 hxg5 45. hxg5 b3 46. Kf2 Ra5 47. g6 Rg5 48. g7 b2 49. Rb7 Rxg7 50. Rxb2 Rg6 51. Rb6 a5 52. Ke3 Kd7 53. Rb7+ Kd8 54. Rb6 Kd7 55. Ra6 Rxd6 56. Rxa5 Ke6 57. Ke4 Rb6 58. Re5+ Kf6 59. Rf5+ Kg6 60. Rd5 Kf6 61. Rf5+ Kg6 62. Rd5 Kf6 63. Rf5+ 1/2-1/2

[Event "Ekaterinburg Scerbin Memorial"]
[Site "Ekaterinburg"]
[Date "2024.01.14"]
[Round "10"]
[White "Bocharov, Dmitry"]
[Black "Lobanov, Sergei"]
[Result "1/2-1/2"]
[WhiteElo "2513"]
[BlackElo "2502"]
[PlyCount "89"]
[EventDate "2024.01.13"]
[EventType "swiss (rapid)"]
[EventRounds "11"]
[EventCountry "RUS"]
[SourceTitle "CB03_2024"]
[SourceDate "2024.01.17"]
[SourceVersion "1"]
[SourceVersionDate "2024.01.17"]
[SourceQuality "1"]

1. c4 e6 2. g3 d5 3. Bg2 Nf6 4. Nf3 dxc4 5. Qa4+ Nbd7 6. Qxc4 a6 7. Qc2 c5 8. d4 cxd4 9. Nxd4 Nc5 10. Nb3 Nxb3 11. Qxb3 Bc5 12. 0-0 0-0 13. Nc3 Qb6 14. Qxb6 Bxb6 15. Rd1 h6 16. b3 Re8 17. Ba3 e5 18. Rac1 e4 19. Na4 Ba7 20. Bc5 Bg4 21. Bxa7 Rxa7 22. Kf1 b5 23. Nc5 a5 24. a3 Bf5 25. Rd4 Rc8 26. b4 axb4 27. axb4 Ra2 28. Rcd1 Re8 29. h3 h5 30. e3 Rb2 31. Kg1 g6 32. Ra1 Kg7 33. Bf1 Re5 34. Bg2 Re7 35. Bf1 Re5 36. Rad1 Bc8 37. Bg2 Bf5 38. Nb7 Be6 39. Nd6 Bd7 40. R1d2 Rb1+ 41. Kh2 Bc6 42. Rc2 Bd7 43. Rcd2 Bc6 44. Rc2 Bd7 45. Rcd2 1/2-1/2

[Event "Ekaterinburg Scerbin Memorial"]
[Site "Ekaterinburg"]
[Date "2024.01.14"]
[Round "8"]
[White "Khegay, Dmitriy"]
[Black "Bocharov, Dmitry"]
[Result "1-0"]
[WhiteElo "2489"]
[BlackElo "2513"]
[PlyCount "97"]
[EventDate "2024.01.13"]
[EventType "swiss (rapid)"]
[EventRounds "11"]
[EventCountry "RUS"]
[SourceTitle "CB03_2024"]
[SourceDate "2024.01.17"]
[SourceVersion "1"]
[SourceVersionDate "2024.01.17"]
[SourceQuality "1"]

1. d4 d5 2. c4 e6 3. Nc3 Nf6 4. cxd5 exd5 5. Bg5 c6 6. e3 Be7 7. Bd3 h6 8. Bf4 0-0 9. h3 Bd6 10. Bxd6 Qxd6 11. Nf3 Be6 12. 0-0 Nbd7 13. Rb1 a5 14. Qc2 Rfe8 15. a3 Qe7 16. Rbe1 Qd6 17. Nh2 b5 18. Nf3 b4 19. axb4 axb4 20. Na4 Ne4 21. Rc1 Bf5 22. Nc5 Ndxc5 23. dxc5 Qf6 24. Nd4 Bd7 25. Ra1 Ng5 26. Rxa8 Rxa8 27. Bf5 Ne6 28. Bxe6 fxe6 29. Qd2 e5 30. Ne2 Rb8 31. f4 exf4 32. Rxf4 Qe7 33. Rxb4 Rxb4 34. Qxb4 Qxe3+ 35. Kf1 Bf5 36. Qd4 Qb3 37. Kf2 Be4 38. Qd2 Qb8 39. Kg1 Kh7 40. b4 Qe8 41. Nd4 Qg6 42. Qf2 Kg8 43. Kh2 Kh7 44. b5 cxb5 45. c6 Qd6+ 46. Qg3 Qe7 47. c7 Qd7 48. Qe5 b4 49. Ne6 1-0

[Event "Ekaterinburg Scerbin Memorial"]
[Site "Ekaterinburg"]
[Date "2024.01.14"]
[Round "11"]
[White "Pingin, Artem"]
[Black "Bocharov, Dmitry"]
[Result "0-1"]
[WhiteElo "2423"]
[BlackElo "2513"]
[PlyCount "72"]
[EventDate "2024.01.13"]
[EventType "swiss (rapid)"]
[EventRounds "11"]
[EventCountry "RUS"]
[SourceTitle "CB03_2024"]
[SourceDate "2024.01.17"]
[SourceVersion "1"]
[SourceVersionDate "2024.01.17"]
[SourceQuality "1"]

1. e4 c5 2. Nf3 d6 3. d4 cxd4 4. Nxd4 Nf6 5. Nc3 a6 6. h3 e5 7. Nde2 h5 8. g3 Be7 9. Bg2 b5 10. 0-0 Bb7 11. Nd5 b4 12. a4 Nxd5 13. exd5 a5 14. c3 Na6 15. Be3 0-0 16. f4 Bf6 17. Qd2 Rc8 18. f5 Nc5 19. Rad1 Ba6 20. g4 hxg4 21. hxg4 Bxe2 22. Qxe2 bxc3 23. bxc3 Bg5 24. Bxg5 Qxg5 25. f6 g6 26. Rf3 e4 27. Rh3 Rfe8 28. Rf1 e3 29. Bh1 Nd7 30. Qh2 Nxf6 31. Qxd6 e2 32. Re1 Nxg4 33. Bg2 Qd2 34. Qg3 Re3 35. Qh4 Rxh3 36. Bxh3 Ne5 0-1

[Event "Ekaterinburg Scerbin Memorial"]
[Site "Ekaterinburg"]
[Date "2024.01.13"]
[Round "3"]
[White "Bocharov, Dmitry"]
[Black "Inozemtsev, Sergei"]
[Result "1-0"]
[WhiteElo "2513"]
[BlackElo "2206"]
[PlyCount "59"]
[EventDate "2024.01.13"]
[EventType "swiss (rapid)"]
[EventRounds "11"]
[EventCountry "RUS"]
[SourceTitle "CB03_2024"]
[SourceDate "2024.01.17"]
[SourceVersion "1"]
[SourceVersionDate "2024.01.17"]
[SourceQuality "1"]

1. d4 e6 2. c4 Nf6 3. g3 Bb4+ 4. Bd2 Qe7 5. Bg2 Nc6 6. e3 Bxd2+ 7. Qxd2 Qb4 8. b3 Qxd2+ 9. Nxd2 d6 10. Ne2 Bd7 11. 0-0 0-0 12. Nc3 Rac8 13. a3 Rfe8 14. f4 Nd8 15. Rfd1 Ng4 16. Re1 f5 17. b4 b6 18. Rac1 c5 19. Nb5 Bxb5 20. cxb5 Nf7 21. bxc5 dxc5 22. dxc5 Rxc5 23. Rxc5 bxc5 24. Nc4 Rd8 25. a4 Rd3 26. a5 Nd6 27. Nxd6 Rxd6 28. b6 a6 29. b7 Rd8 30. Rc1 1-0

[Event "Ekaterinburg Scerbin Memorial"]
[Site "Ekaterinburg"]
[Date "2024.01.13"]
[Round "1"]
[White "Bocharov, Dmitry"]
[Black "Zamyatin, Oleg"]
[Result "1-0"]
[WhiteElo "2513"]
[BlackElo "1646"]
[PlyCount "110"]
[EventDate "2024.01.13"]
[EventType "swiss (rapid)"]
[EventRounds "11"]
[EventCountry "RUS"]
[SourceTitle "CB03_2024"]
[SourceDate "2024.01.17"]
[SourceVersion "1"]
[SourceVersionDate "2024.01.17"]
[SourceQuality "1"]

1. d4 g6 2. c4 Bg7 3. e4 e6 4. Nc3 Ne7 5. Be3 d5 6. Nf3 Nbc6 7. Be2 dxe4 8. Nxe4 Nf5 9. Bg5 f6 10. Be3 Nxe3 11. fxe3 f5 12. Nc3 0-0 13. 0-0 b6 14. Ne1 Bb7 15. Nd3 e5 16. d5 Na5 17. Nf2 e4 18. Qc2 Qe7 19. Nh3 Qc5 20. Nd1 Bxd5 21. Rc1 Bb7 22. Nf4 Qe7 23. b3 c5 24. Nc3 Rad8 25. Rcd1 Qe5 26. Ncd5 Nc6 27. h4 Ne7 28. Rd2 Bh6 29. g3 Nxd5 30. cxd5 Rd6 31. Rfd1 Rfd8 32. Kf2 Bxf4 33. gxf4 Qf6 34. Kg3 h6 35. Qb2 Kf7 36. Qe5 Re8 37. Qxf6+ Kxf6 38. a4 Red8 39. Bc4 a6 40. Kh3 g5 41. hxg5+ hxg5 42. fxg5+ Kxg5 43. Kg3 Rg8 44. Rh2 Kf6+ 45. Kf2 Rgd8 46. Rh7 R8d7 47. Rxd7 Rxd7 48. Rh1 Ke5 49. Rh6 Rd6 50. Re6+ Rxe6 51. dxe6 Bc6 52. e7 Kf6 53. Bxa6 Kxe7 54. Bc4 Kd6 55. Kg3 Bd5 1-0

[Event "Ekaterinburg Scerbin Memorial Blitz"]
[Site "Ekaterinburg"]
[Date "2024.01.12"]
[Round "7"]
[White "Afanasiev, Nikita"]
[Black "Bocharov, Dmitry"]
[Result "1/2-1/2"]
[WhiteElo "2541"]
[BlackElo "2513"]
[PlyCount "72"]
[EventDate "2024.01.12"]
[EventType "swiss (blitz)"]
[EventRounds "13"]
[EventCountry "RUS"]
[SourceTitle "CB03_2024"]
[SourceDate "2024.01.17"]
[SourceVersion "1"]
[SourceVersionDate "2024.01.17"]
[SourceQuality "1"]

1. b3 d5 2. Bb2 Bf5 3. g3 e6 4. Bg2 Nf6 5. e3 Be7 6. Ne2 0-0 7. 0-0 h6 8. d3 Bh7 9. Nd2 c5 10. e4 Nc6 11. a3 b5 12. exd5 exd5 13. Nf4 Qd6 14. Re1 Rad8 15. c4 dxc4 16. bxc4 Nd4 17. Bxd4 cxd4 18. cxb5 g5 19. Nc4 Qc7 20. Ne2 Nd5 21. Rc1 Nc3 22. Nxc3 dxc3 23. Rxc3 Bf6 24. Rb3 Rfe8 25. Rxe8+ Rxe8 26. Bc6 Re6 27. d4 Qd8 28. d5 Re4 29. Ne3 Qd6 30. Rb4 Rxb4 31. axb4 Bc3 32. Qf3 Qxb4 33. d6 Qxd6 34. Nf5 Bxf5 35. Qxf5 Bd4 36. Kg2 Qf6 1/2-1/2

[Event "Ekaterinburg Scerbin Memorial Blitz"]
[Site "Ekaterinburg"]
[Date "2024.01.12"]
[Round "11"]
[White "Smirnov, Pavel"]
[Black "Bocharov, Dmitry"]
[Result "1-0"]
[WhiteElo "2526"]
[BlackElo "2513"]
[PlyCount "83"]
[EventDate "2024.01.12"]
[EventType "swiss (blitz)"]
[EventRounds "13"]
[EventCountry "RUS"]
[SourceTitle "CB03_2024"]
[SourceDate "2024.01.17"]
[SourceVersion "1"]
[SourceVersionDate "2024.01.17"]
[SourceQuality "1"]

1. d4 Nf6 2. c4 e6 3. g3 d5 4. Nf3 Bb4+ 5. Bd2 Be7 6. Bg2 0-0 7. 0-0 Nbd7 8. Qc2 c6 9. Bf4 a5 10. Rd1 a4 11. a3 Qa5 12. Nc3 dxc4 13. Nd2 Nb6 14. Bc7 Qa6 15. Bxb6 Qxb6 16. Nxc4 Qa6 17. Ne5 Rd8 18. Ne4 h6 19. Nc5 Qa5 20. e3 Nd5 21. Rac1 Ra7 22. h4 Nf6 23. Bf3 Nd7 24. Nc4 Qc7 25. Nd3 Nf6 26. Nce5 Ra5 27. Nc5 Bxc5 28. dxc5 Nd5 29. Nd3 e5 30. e4 Nf6 31. Qc3 Re8 32. Nb4 Be6 33. Qe3 Rd8 34. Rxd8+ Qxd8 35. Rd1 Qe7 36. Nd3 Nd7 37. Qd2 Rb5 38. Qc3 Nxc5 39. Nxe5 Bb3 40. Rd2 g6 41. Ng4 Qe6 42. Rd8+ 1-0

[Event "Wch Blitz"]
[Site "Samarkand"]
[Date "2023.12.30"]
[Round "20"]
[White "Bocharov, Dmitry"]
[Black "Predke, Alexandr"]
[Result "1/2-1/2"]
[WhiteElo "2518"]
[BlackElo "2689"]
[PlyCount "157"]
[EventDate "2023.12.29"]
[EventType "swiss (blitz)"]
[EventRounds "21"]
[EventCountry "UZB"]
[SourceTitle "CB01_2024"]
[SourceDate "2024.01.03"]
[SourceVersion "1"]
[SourceVersionDate "2024.01.03"]
[SourceQuality "1"]

1. c4 c5 2. g3 Nc6 3. Bg2 g6 4. Nc3 Bg7 5. Nf3 e6 6. d4 cxd4 7. Nb5 d5 8. cxd5 exd5 9. 0-0 Nf6 10. Nbxd4 0-0 11. b3 Nxd4 12. Nxd4 Ne4 13. Bb2 h5 14. Rc1 h4 15. Qc2 h3 16. Bh1 Qb6 17. e3 Bd7 18. Qc7 Rfd8 19. a4 Rac8 20. Qxb6 axb6 21. Rfd1 Bf6 22. Bf3 Kg7 23. Be2 Nc5 24. Ba1 Ne6 25. f3 Nxd4 26. Bxd4 Bxd4 27. exd4 Bf5 28. Rxc8 Rxc8 29. g4 Rc2 30. Kf2 Bd7 31. Ke3 Rb2 32. Rc1 Rxb3+ 33. Kf4 Rb2 34. Bb5 Bxb5 35. axb5 Rxh2 36. Kg3 Rb2 37. Kxh3 Rxb5 38. Rc7 Rb4 39. Rxb7 g5 40. Kg3 Kf6 41. Kf2 Ke6 42. Ke3 Rb3+ 43. Ke2 f6 44. Rc7 Kd6 45. Rf7 Ke6 46. Rc7 Rb4 47. Ke3 Rb1 48. Rc6+ Ke7 49. Rc7+ Kd6 50. Rf7 Ke6 51. Rc7 Rb3+ 52. Ke2 b5 53. Rc6+ Ke7 54. Rb6 Rb1 55. Rb7+ Ke6 56. Rb6+ Kf7 57. Rb7+ Ke8 58. Rb6 Ke7 59. Rb7+ Kd6 60. Rb6+ Kc7 61. Rxf6 b4 62. Kd2 Rf1 63. Rf5 Kc6 64. Kc2 Kb5 65. Rxd5+ Kc4 66. Rc5+ Kxd4 67. Rxg5 Kc4 68. Rf5 b3+ 69. Kb2 Rf2+ 70. Kb1 Kc3 71. Rc5+ Kb4 72. Rf5 Ka4 73. g5 Rg2 74. f4 Ka3 75. Ra5+ Kb4 76. Ra8 Rg1+ 77. Kb2 Rg2+ 78. Kb1 Rg1+ 79. Kb2 1/2-1/2

[Event "Wch Blitz"]
[Site "Samarkand"]
[Date "2023.12.29"]
[Round "3"]
[White "Bocharov, Dmitry"]
[Black "Jobava, Baadur"]
[Result "1/2-1/2"]
[WhiteElo "2518"]
[BlackElo "2591"]
[PlyCount "91"]
[EventDate "2023.12.29"]
[EventType "swiss (blitz)"]
[EventRounds "21"]
[EventCountry "UZB"]
[SourceTitle "CB01_2024"]
[SourceDate "2024.01.03"]
[SourceVersion "1"]
[SourceVersionDate "2024.01.03"]
[SourceQuality "1"]

1. d4 d5 2. c4 dxc4 3. Nf3 Nf6 4. e3 Bg4 5. Bxc4 e6 6. 0-0 Bd6 7. h3 Bh5 8. Be2 0-0 9. b3 Nbd7 10. Bb2 Ne4 11. Nbd2 Nxd2 12. Qxd2 Nf6 13. Rfd1 Qe7 14. Rac1 c6 15. Qc2 Rfd8 16. e4 Bf4 17. Rb1 Bg6 18. Bd3 Bc7 19. Ne5 Bb6 20. Nxg6 hxg6 21. Bc4 Rd7 22. Rd2 Rad8 23. Rbd1 e5 24. d5 Ba5 25. Rd3 cxd5 26. Bxd5 Bb6 27. R3d2 Nh5 28. Qc4 Kh7 29. Kh2 Nf4 30. g3 Nxd5 31. exd5 e4 32. d6 Rxd6 33. Rxd6 Rxd6 34. Rxd6 Qxd6 35. Qxf7 Bd4 36. Bxd4 Qxd4 37. Kg2 b5 38. h4 Qc5 39. Qe6 Qd4 40. Qe8 Qd5 41. Kg1 a5 42. Qe7 a4 43. bxa4 bxa4 44. a3 Qd1+ 45. Kg2 Qf3+ 46. Kg1 1/2-1/2

[Event "Wch Blitz"]
[Site "Samarkand"]
[Date "2023.12.29"]
[Round "4"]
[White "Keymer, Vincent"]
[Black "Bocharov, Dmitry"]
[Result "0-1"]
[WhiteElo "2738"]
[BlackElo "2518"]
[PlyCount "96"]
[EventDate "2023.12.29"]
[EventType "swiss (blitz)"]
[EventRounds "21"]
[EventCountry "UZB"]
[SourceTitle "CB01_2024"]
[SourceDate "2024.01.03"]
[SourceVersion "1"]
[SourceVersionDate "2024.01.03"]
[SourceQuality "1"]

1. Nf3 c5 2. c4 Nf6 3. b3 g6 4. Bb2 Bg7 5. g3 b6 6. Bg2 Bb7 7. 0-0 0-0 8. e3 Nc6 9. Nc3 d5 10. d3 Qd7 11. Qe2 d4 12. exd4 cxd4 13. Nb5 Nh5 14. Nd2 a6 15. Na3 e5 16. Nc2 Rfe8 17. b4 f5 18. c5 b5 19. Rfe1 e4 20. Qf1 Rad8 21. Rac1 e3 22. Nf3 f4 23. a4 Rf8 24. axb5 axb5 25. Qe2 Rde8 26. Qf1 h6 27. Bh3 Qd8 28. Bg2 Qc7 29. g4 Nf6 30. h3 Qd7 31. Ncxd4 Nxd4 32. Nxd4 Nxg4 33. hxg4 Bxg2 34. Qxg2 Bxd4 35. Bxd4 Qxd4 36. Qf3 exf2+ 37. Qxf2 Re3 38. Rxe3 fxe3 39. Qg3 e2+ 40. Kg2 Qd5+ 41. Kg1 Rf3 42. Qb8+ Kg7 43. Qc7+ Kf6 44. Re1 Qd4+ 45. Kh1 Rh3+ 46. Kg2 Qxg4+ 47. Kf2 Qf3+ 48. Kg1 Rh1# 0-1

[Event "Wch Blitz"]
[Site "Samarkand"]
[Date "2023.12.29"]
[Round "2"]
[White "Oro, Faustino"]
[Black "Bocharov, Dmitry"]
[Result "0-1"]
[WhiteElo "2357"]
[BlackElo "2518"]
[PlyCount "108"]
[EventDate "2023.12.29"]
[EventType "swiss (blitz)"]
[EventRounds "21"]
[EventCountry "UZB"]
[SourceTitle "CB01_2024"]
[SourceDate "2024.01.03"]
[SourceVersion "1"]
[SourceVersionDate "2024.01.03"]
[SourceQuality "1"]

1. e4 c5 2. Nf3 d6 3. c3 Nf6 4. h3 Nc6 5. Bd3 e5 6. Bc2 d5 7. exd5 Qxd5 8. Qe2 Be7 9. d3 0-0 10. Nbd2 Bf5 11. 0-0 Rad8 12. Ne4 h6 13. Re1 Rfe8 14. Nfd2 Bg6 15. Nxf6+ Bxf6 16. Ne4 Be7 17. Be3 b6 18. Qg4 Kh7 19. c4 Qd7 20. Qxd7 Rxd7 21. Ba4 Rc8 22. Nc3 Bxd3 23. Nd5 Bxc4 24. Bc2+ Kg8 25. Bf5 Rxd5 26. Bxc8 Nd4 27. Bxd4 cxd4 28. b3 Bb5 29. Rac1 Bb4 30. Bb7 Bxe1 31. Bxd5 Bc3 32. Bc4 Bc6 33. f3 Kf8 34. Bd3 g6 35. Kf2 Ke7 36. g4 Bd5 37. Be4 Be6 38. Bd3 f5 39. h4 Kf6 40. Rg1 Bd5 41. Rc1 e4 42. fxe4 fxe4 43. Bc4 Bxc4 44. bxc4 Ke5 45. Ke2 Bb4 46. Rf1 d3+ 47. Ke3 Bc5+ 48. Kd2 Kd4 49. Rf4 g5 50. hxg5 hxg5 51. Rf7 e3+ 52. Kd1 e2+ 53. Ke1 Bb4+ 54. Kf2 e1Q+ 0-1

[Event "Wch Rapid"]
[Site "Samarkand"]
[Date "2023.12.26"]
[Round "5"]
[White "Bocharov, Dmitry"]
[Black "Shogdzhiev, Roman Sav"]
[Result "1-0"]
[WhiteElo "2518"]
[BlackElo "1901"]
[PlyCount "105"]
[EventDate "2023.12.26"]
[EventType "swiss (rapid)"]
[EventRounds "13"]
[EventCountry "UZB"]
[SourceTitle "CB01_2024"]
[SourceDate "2024.01.03"]
[SourceVersion "1"]
[SourceVersionDate "2024.01.03"]
[SourceQuality "1"]

1. c4 c6 2. Nf3 d5 3. e3 Nf6 4. Nc3 Nbd7 5. Qc2 e5 6. cxd5 Nxd5 7. a3 Bd6 8. Ne4 Be7 9. Ng3 0-0 10. Be2 Qc7 11. 0-0 g6 12. b3 Bf6 13. Bb2 Bg7 14. b4 a5 15. b5 cxb5 16. Qxc7 Nxc7 17. Rac1 Ne6 18. Bxb5 f6 19. Rxc8 Raxc8 20. Bxd7 Rfe8 21. Bxe8 Rxe8 22. Rc1 Rd8 23. d4 exd4 24. Nxd4 Nxd4 25. Bxd4 b5 26. Kf1 Rd7 27. Ne4 Kf7 28. Rc5 b4 29. Rxa5 bxa3 30. Rxa3 h6 31. Ra6 f5 32. Nc5 Re7 33. Bxg7 Kxg7 34. Ne6+ Kf7 35. Nf4 g5 36. Rxh6 Re4 37. Nh3 Kg7 38. Nxg5 Rg4 39. Rh3 Ra4 40. f4 Ra1+ 41. Kf2 Ra2+ 42. Kf3 Ra1 43. Rh7+ Kg6 44. h4 Kf6 45. Rh6+ Kg7 46. Rb6 Ra2 47. h5 Ra8 48. h6+ Kg8 49. Rb7 Rc8 50. Rg7+ Kf8 51. Ne6+ Ke8 52. h7 Rc1 53. h8Q# 1-0

[Event "Wch Rapid"]
[Site "Samarkand"]
[Date "2023.12.26"]
[Round "2"]
[White "Erigaisi, Arjun Kumar"]
[Black "Bocharov, Dmitry"]
[Result "1-0"]
[WhiteElo "2727"]
[BlackElo "2518"]
[PlyCount "71"]
[EventDate "2023.12.26"]
[EventType "swiss (rapid)"]
[EventRounds "13"]
[EventCountry "UZB"]
[SourceTitle "CB01_2024"]
[SourceDate "2024.01.03"]
[SourceVersion "1"]
[SourceVersionDate "2024.01.03"]
[SourceQuality "1"]

1. d4 Nf6 2. Bf4 e6 3. e3 c5 4. Nd2 Nc6 5. c3 h6 6. Bd3 d5 7. Ngf3 Nh5 8. Be5 Be7 9. h3 Nxe5 10. Nxe5 Nf6 11. 0-0 0-0 12. f4 Qc7 13. g4 Nd7 14. Bb1 cxd4 15. exd4 Nxe5 16. fxe5 Bd7 17. Nf3 f5 18. gxf5 exf5 19. Ne1 g5 20. Ng2 Qc6 21. Bc2 f4 22. h4 Rf7 23. Qh5 Raf8 24. hxg5 Bxg5 25. Ne1 Rg7 26. Kh1 Qb5 27. Rf2 Be8 28. Qh2 Kh8 29. Nf3 Kg8 30. Rg1 Rff7 31. Rfg2 Kf8 32. e6 Rc7 33. Nxg5 hxg5 34. Qh8+ Rg8 35. Qf6+ Bf7 36. exf7 1-0

[Event "Titled Tuesday intern op 12th Dec Early"]
[Site "Chess.com INT"]
[Date "2023.12.12"]
[Round "5"]
[White "Bocharov, Dmitry"]
[Black "Paravyan, David"]
[Result "1/2-1/2"]
[WhiteElo "2518"]
[BlackElo "2612"]
[PlyCount "107"]
[EventDate "2023.12.12"]
[EventType "swiss (blitz)"]
[EventRounds "11"]
[EventCountry "USA"]
[SourceTitle "CB51_2023"]
[SourceDate "2023.12.20"]
[SourceVersion "1"]
[SourceVersionDate "2023.12.20"]
[SourceQuality "1"]

1. c4 Nf6 2. g3 c6 3. Bg2 d5 4. Nf3 dxc4 5. 0-0 Nbd7 6. a4 e5 7. Qc2 Bd6 8. Na3 0-0 9. Nxc4 Bc7 10. d3 Re8 11. b4 Nf8 12. Bb2 Ng6 13. b5 Bd7 14. Qb3 h5 15. Ng5 Nd5 16. Ne4 h4 17. Nc5 h3 18. Bh1 Rb8 19. Nxd7 Qxd7 20. Rfd1 Rbd8 21. Rac1 Qe6 22. bxc6 bxc6 23. Nd2 Bb6 24. Ne4 Bd4 25. Bxd4 exd4 26. Qc4 Ne5 27. Qxd4 Qg4 28. f3 Qg6 29. Qf2 Qh6 30. f4 Ng4 31. Qf3 f5 32. Nf2 Nxh2 33. Kxh2 Re3 34. Rxc6 Rxf3 35. Rxh6 Rxf2+ 36. Kg1 Rxe2 37. Bxd5+ Rxd5 38. Rxh3 Rd4 39. a5 Ra4 40. Rh2 Re3 41. Kf2 Re6 42. Kf3 Rxa5 43. Rc2 Rd6 44. d4 Ra3+ 45. Kf2 Kf7 46. Rc7+ Kf6 47. d5 Ra5 48. Rc6 Rxc6 49. dxc6 Rc5 50. Rd6+ Ke7 51. Rd7+ Kf6 52. Rd6+ Ke7 53. Rd7+ Kf6 54. Rd6+ 1/2-1/2

[Event "Titled Tuesday intern op 12th Dec Early"]
[Site "Chess.com INT"]
[Date "2023.12.12"]
[Round "2"]
[White "Martinez Fernandez, Adrian"]
[Black "Bocharov, Dmitry"]
[Result "0-1"]
[WhiteElo "2405"]
[BlackElo "2518"]
[PlyCount "64"]
[EventDate "2023.12.12"]
[EventType "swiss (blitz)"]
[EventRounds "11"]
[EventCountry "USA"]
[SourceTitle "CB51_2023"]
[SourceDate "2023.12.20"]
[SourceVersion "1"]
[SourceVersionDate "2023.12.20"]
[SourceQuality "1"]

1. e4 c5 2. Nc3 Nc6 3. Nge2 Nf6 4. g3 g6 5. Bg2 Bg7 6. 0-0 0-0 7. d4 cxd4 8. Nxd4 d6 9. Nde2 Rb8 10. a4 a6 11. h3 b5 12. axb5 axb5 13. Bg5 h6 14. Be3 b4 15. Nd5 Nd7 16. Nd4 Bxd4 17. Bxd4 e6 18. Nf4 Nxd4 19. Qxd4 e5 20. Qxd6 Rb6 21. Qd2 exf4 22. Qxf4 Qg5 23. Qc7 Qe5 24. Qc4 Qxb2 25. Rfb1 Qf6 26. f4 Rc6 27. Qe2 Rc3 28. Kh2 Nc5 29. e5 Qb6 30. Qf2 Bf5 31. Ra2 b3 32. cxb3 Bxb1 0-1

[Event "KAZ Cup Final"]
[Site "Almaty"]
[Date "2023.11.28"]
[Round "1.1"]
[White "Goganov, Aleksey"]
[Black "Bocharov, Dmitry"]
[Result "1/2-1/2"]
[WhiteElo "2510"]
[BlackElo "2519"]
[PlyCount "148"]
[EventDate "2023.11.28"]
[EventType "k.o."]
[EventRounds "4"]
[EventCountry "KAZ"]
[SourceTitle "CB49_2023"]
[SourceDate "2023.12.06"]
[SourceVersion "1"]
[SourceVersionDate "2023.12.06"]
[SourceQuality "1"]

1. e4 c5 2. Nf3 Nc6 3. d4 cxd4 4. Nxd4 Nf6 5. Nc3 e5 6. Ndb5 d6 7. Bg5 a6 8. Na3 b5 9. Nab1 Be7 10. Bxf6 Bxf6 11. a4 b4 12. Nd5 0-0 13. Bc4 Be6 14. 0-0 Bg5 15. c3 a5 16. Qd3 Rc8 17. Ba6 bxc3 18. Nbxc3 Rb8 19. Rab1 Nb4 20. Nxb4 Rxb4 21. Bb5 Rd4 22. Qe2 Bb3 23. Bd3 g6 24. Ra1 Qb6 25. Ra3 Be6 26. Nb5 Rb4 27. Qc2 Rc8 28. Rc3 Rc5 29. Rxc5 Qxc5 30. Nc3 Kg7 31. Qe2 h5 32. h3 Bb3 33. Ra1 Rd4 34. Ra3 Be6 35. Ra1 Bh4 36. Bb5 Bb3 37. Qe3 Qb4 38. Bd3 Qc5 39. Bb5 Be6 40. Qe2 Bd8 41. Rd1 Bb6 42. Rxd4 Qxd4 43. Bc6 Bc4 44. Qf3 Qd3 45. Qxd3 Bxd3 46. Bb5 Bc2 47. Kf1 Bd4 48. f3 f5 49. exf5 gxf5 50. h4 Bxc3 51. bxc3 f4 52. Kf2 Kf6 53. g3 Bg6 54. gxf4 exf4 55. Ke2 Ke5 56. Kd2 Kd5 57. Ke2 Kc5 58. Kd2 d5 59. Bd7 d4 60. Bb5 Bf7 61. Kd3 dxc3 62. Kxc3 Bd5 63. Be2 Bb7 64. Bd1 Bc6 65. Bb3 Bxf3 66. Bf7 Bg4 67. Kd3 Bd1 68. Ke4 Kb4 69. Kxf4 Kxa4 70. Ke3 Kb4 71. Kd2 Bb3 72. Bxh5 a4 73. Kc1 a3 74. Kb1 Kc3 1/2-1/2